000 00662nam a2200229Ia 4500
003 OSt
005 20220926014131.0
006 a|||||r|||| 00| 0
007 ta
008 220923b |||||||| |||| 00| 0 eng d
037 _cGeneral Book
040 _aRTL
_cRTL
_beng
041 _2eng
_aeng
082 _aX:8, M4
100 _aBoulton William R
_9319859
245 0 _aBusiness policy
_b The art of strategie management
260 _aNew York
_bMacmillan Publishing U S A
_c1984
300 _axv, 859p. Bib chapterwise
_ccm.
650 _aManagement
_930681
942 _hX:8, M4
_cGB
_2CC
999 _c627969
_d627969